Logo BPK

Biblioteka

Politechniki Koszalińskiej

Technologia odlewnictwa / (Rekord nr 3872)

Szczegóły MARC
000 -ETYKIETA REKORDU
podpole kontrolne o stałej długości 00433nam a2200157 i 4500
001 - NUMER KONTROLNY REKORDU
pole kontrolne bg
040 ## - ŹRÓDŁO KATALOGOWANIA
Instytucja, która utworzyła rekord BPK
041 ## - KOD JĘZYKA
Kod języka tekstu pol
008 - POLE O STAŁEJ DŁUGOŚCI - DANE KONTROLNE
podpole kontrolne o stałej długości s pl f |000 0 pol
100 1# - NAZWA OSOBOWA
Nazwa osobowa RĄCZKA, J.
245 #0 - TYTUŁ/ODPOWIEDZIALNOŚĆ
Tytuł Technologia odlewnictwa /
Pozostałe elementy strefy tytułu i oznaczenia odpowiedzialności J. Rączka.
250 ## - STREFA WYDANIA
Oznaczenie wydania Wyd.2 rozsz.
260 ## - STREFA ADRESU WYDAWNICZEGO
Miejsce wydania Kraków,
Data publikacji, dystrybucji/powstania dokumentu 1988.
856 ## - LOKALIZACJA I DOSTĘP DO ELEKTRONICZNYCH DOKUMENTÓW ZDALNYCH
Link (URL) http://koha.tu.koszalin.pl/cgi-bin/koha/opac-detail.pl?biblionumber=3872
Tekst linku Katalog online BPK
942 ## - DODATKOWE ELEMENTY (KOHA)
Typ dokumentu Książka
Egzemplarze
Wycofany Status egzemplarza Uszkodzony Dostępność Lokalizacja stała Lokalizacja bieżąca Miejsce przechowywania Sygnatura Kod kreskowy Typ dokumentu
      Dostępny Biblioteka Politechniki Koszalińskiej Biblioteka Politechniki Koszalińskiej Wypożyczalnia BG P 38204 01625318 Książka
      Dostępny Biblioteka Politechniki Koszalińskiej Biblioteka Politechniki Koszalińskiej Wypożyczalnia BG P 38633 01237696 Książka
© 2023 Biblioteka Politechniki Koszalińskiej :: KOHA